000 00975nam a22002537a 4500
005 20170124103042.0
010 _aB-014984
020 _c120.00
035 _aB-014984
037 _bCen Lib/Ret
040 _aDPL
_bHN
082 _a
_bअग्रवा
100 _aअग्रवाल, सत्य
_967448
245 _aनए सृजन की ओर /
_cसत्य अग्रवाल
246 _anaye srajan ki aor /
_bby Satya Aggarwal
260 _aदिल्ली
_bआलोकपर्व प्रकाशन
_c1999
270 _bदिल्ली
_a1/6588, पूर्वी रोहतास नगर, शाहदरा
_e110032
300 _a104पृ.
_c21सेमी (सजिल्द)
650 _aहिन्दी साहित्य
_967449
650 _aकहानियां
_967450
650 _aHindi literature
_967451
650 _aStories
_97500
942 _2ddc
_cHN
_h
_mअग्रवा
999 _c116623
_d116623